100 Biggest Cities of Cyprus on a Map - Statistics

General Stats
  • This quiz has been taken 490 times
  • The average score is 14 of 100
Answers on the Map
Answers color-coded by a green-red scale on the quiz's map according to % correct below.
 
Answer Stats
Population City % Correct
108,315 Nicosia
97%
107,970 Limassol
77%
37,991 Páfos
74%
52,046 Lárnaka
71%
37,868 Gazimağusa
61%
22,148 Girne
46%
70,823 Stróvolos
33%
19,037 Paralímni
31%
4,716 Agía Nápa
26%
7,251 Güzelyurt
25%
2,570 Pólis
21%
22,932 Aradíppou
19%
12,350 Dáli
18%
2,016 Dipkarpaz
18%
3,009 Lefke
18%
21,544 Aglantziá
17%
20,504 Engomi
16%
9,706 Géri
16%
18,587 Latsiá
16%
7,575 Voróklini
16%
5,136 Kíti
14%
6,945 Pégeia
13%
8,304 Tséri
13%
12,906 Ágios Dométios
12%
17,329 Germasógeia
12%
3,058 İskele
12%
3,869 Pýla
12%
13,966 Ýpsonas
12%
2,182 Áchna
11%
5,202 Athiénou
11%
6,229 Derýneia
11%
8,579 Geroskípou
11%
17,045 Gönyeli
11%
43,111 Lakatámeia
11%
5,748 Lapta
11%
2,047 Pissoúri
11%
6,625 Xylofágou
11%
4,098 Episkopí
10%
4,212 Ormídeia
10%
3,066 Pýrgos
10%
5,905 Sotíra
10%
16,520 Ágios Athanásios
9%
3,104 Akáki
9%
5,595 Alsancak
9%
2,192 Astromerítis
9%
6,422 Chlórakas
9%
4,515 Frénaros
9%
3,745 Karaoğlanoğlu
9%
23,174 Káto Polemídia
9%
2,292 Kissónerga
9%
1,884 Klírou
9%
4,817 Kokkinotrimithiá
9%
6,482 Kolóssi
9%
4,908 Liopétri
9%
8,581 Livádia
9%
3,100 Tála
9%
2,471 Akdoğan
8%
2,777 Alayköy
8%
4,925 Avgórou
8%
3,284 Değirmenlik
8%
5,505 Émpa
8%
1,950 Ergátes
8%
2,754 Koniá
8%
2,081 Kórnos
8%
15,925 Mésa Geitoniá
8%
3,239 Mouttagiáka
8%
3,419 Páno Polemídia
8%
3,002 Péra Chorió
8%
2,237 Peristeróna
8%
3,292 Perivólia
8%
5,110 Çatalköy
7%
4,204 Haspolat
7%
4,502 Ágios Týchon
6%
3,159 Erími
6%
2,091 Karşıyaka
6%
2,132 Káto Defterá
6%
2,911 Lýmpia
6%
1,856 Mesógi
6%
2,132 Nísou
6%
4,447 Palaiométocho
6%
3,007 Páno Defterá
6%
3,492 Parekklisiá
6%
4,549 Trachóni
6%
3,784 Xylotýmvou
6%
3,347 Yeni Boğaziçi
6%
1,901 Acherítou
5%
2,866 Agía Varvára
5%
3,553 Aşağı Dikmen
5%
3,124 Lythrodóntas
5%
2,129 Vadili
5%
2,036 Ágioi Trimithiás
4%
6,838 Dromolaxiá-Meneoú
4%
2,535 Gemikonağı
4%
5,338 Hamitköy
4%
1,907 Mámmari
4%
3,070 Ozanköy
4%
1,914 Psimolófou
4%
2,645 Tuzla
4%
2,305 Kalkanlı
3%
2,107 Palódeia
3%
No matching quizzes found
Score Distribution
Percent of People with Each Score
Percentile by Number Answered
Your Score History
You have not taken this quiz